[Event "CZE-ch U10"]
[Site "Kouty nad Desnou"]
[Date "2024.03.13"]
[Round "6"]
[White "Trejbal, Jindrich1"]
[Black "Vo, Daniel"]
[Result "0-1"]
[WhiteElo "1635"]
[BlackElo "1629"]
[PlyCount "94"]
[EventDate "2024.03.09"]
[EventType "swiss"]
[EventRounds "9"]
[EventCountry "CZE"]
[SourceTitle "CB12_2024"]
[SourceDate "2023.10.01"]
[SourceVersion "1"]
[SourceVersionDate "2023.10.01"]
[SourceQuality "1"]

1. e4 c5 2. c3 Nf6 3. e5 Nd5 4. d4 cxd4 5. cxd4 e6 6. Nf3 Nc6 7. Bc4 Nb6 8. Bd3 d6 9. 0-0 dxe5 10. dxe5 Be7 11. Nc3 0-0 12. Be3 Qc7 13. Nb5 Qb8 14. Bxb6 axb6 15. Re1 f6 16. exf6 Bxf6 17. Qc2 h6 18. a3 e5 19. Bc4+ Kh8 20. Rad1 Bg4 21. Nd6 Qc7 22. Qg6 Bxf3 23. gxf3 Ne7 24. Nf7+ Rxf7 25. Qxf7 Qc5 26. Re2 Nf5 27. Red2 Nd4 28. Kg2 Rd8 29. Ba2 Qc6 30. Qh5 Rf8 31. Rd3 e4 32. Rxd4 exf3+ 33. Kh3 Bxd4 34. Rxd4 Qc1 35. Qg4 Qf1+ 36. Kg3 Qg2+ 37. Kh4 Qxh2+ 38. Qh3 Qxf2+ 39. Kg4 Qxd4+ 40. Kg3 f2 41. Qf1 Qe3+ 42. Kg2 Rf3 43. Be6 Rg3+ 44. Kh2 Qf4 45. Qc4 f1N+ 46. Qxf1 Qxf1 47. Kxg3 Qe1+ 0-1

[Event "CZE-ch U10"]
[Site "Teplice"]
[Date "2023.11.17"]
[Round "5"]
[White "Tomes, Jan"]
[Black "Vo, Daniel"]
[Result "0-1"]
[WhiteElo "1050"]
[BlackElo "1349"]
[PlyCount "72"]
[EventDate "2023.11.15"]
[EventType "swiss"]
[EventRounds "9"]
[EventCountry "CZE"]
[SourceTitle "CB47_2023"]
[SourceDate "2023.11.22"]
[SourceVersion "1"]
[SourceVersionDate "2023.11.22"]
[SourceQuality "1"]

1. e4 c5 2. Nf3 d6 3. d4 cxd4 4. Nxd4 Nf6 5. Nc3 a6 6. Be3 e5 7. Nf3 Be6 8. Bd3 Nc6 9. a3 Be7 10. Qd2 Ng4 11. h3 Nxe3 12. Qxe3 Rc8 13. g4 b5 14. g5 Qa5 15. Ke2 Bd8 16. b4 Qb6 17. Qxb6 Bxb6 18. Nd5 Bd4 19. Rac1 Bb2 20. Rb1 Nd4+ 21. Nxd4 Bxd4 22. Rb3 0-0 23. Ne7+ Kh8 24. Nxc8 Bxb3 25. Nxd6 Be6 26. f3 Rd8 27. Nb7 Rc8 28. Kd2 Rc3 29. Rc1 Rxa3 30. c3 Ra2+ 31. Ke1 Be3 32. Rd1 Rh2 33. Nc5 Bf2+ 34. Kf1 Bxh3+ 35. Ke2 Bxc5+ 36. Ke1 Rh1+ 0-1

[Event "CZE-ch U10"]
[Site "Teplice"]
[Date "2023.03.13"]
[Round "4"]
[White "Vo, Daniel"]
[Black "Galia, Simon"]
[Result "1-0"]
[WhiteElo "1440"]
[BlackElo "1071"]
[PlyCount "95"]
[EventDate "2023.03.11"]
[EventType "swiss"]
[EventRounds "9"]
[EventCountry "CZE"]
[SourceTitle "CBM 213 Extra"]
[Source "ChessBase"]
[SourceDate "2023.05.31"]
[SourceVersion "1"]
[SourceVersionDate "2023.05.31"]
[SourceQuality "1"]

1. e4 e5 2. Nf3 Nf6 3. Nc3 Bb4 4. Bc4 d6 5. a3 Ba5 6. b4 Bb6 7. Bb2 Bg4 8. 0-0 0-0 9. h3 Bh5 10. Re1 Re8 11. Be2 Nbd7 12. d4 Bxf3 13. Bxf3 Bxd4 14. Qe2 Nf8 15. Na4 Bxb2 16. Nxb2 Ne6 17. c3 Nf4 18. Qd2 c6 19. Nd3 Nxd3 20. Qxd3 d5 21. Qc2 Qd6 22. Rad1 Rad8 23. exd5 cxd5 24. c4 Qc6 25. c5 b6 26. Be2 Rc8 27. a4 Re7 28. Bb5 Qc7 29. Rc1 bxc5 30. bxc5 d4 31. c6 Re6 32. f4 Qb6 33. Kh1 a6 34. fxe5 axb5 35. exf6 Rxf6 36. axb5 Qxb5 37. c7 g6 38. Rb1 Qd7 39. Rb8 Rd6 40. Rxc8+ Qxc8 41. Rb1 d3 42. Qc5 Rd8 43. cxd8Q+ Qxd8 44. Qb6 Qd7 45. Qb5 Qd6 46. Qb8+ Qf8 47. Qxf8+ Kxf8 48. Rd1 1-0